Lenin y la educación / (Record no. 530)

000 -CABECERA
fixed length control field 00954nam a22002297a 4500
003 - IDENTIFICADOR DEL NÚMERO DE CONTROL
control field AR-CdUCM
008 - DATOS DE LONGITUD FIJA--INFORMACIÓN GENERAL
fixed length control field 190225b ||||| |||| 00| 0 spa d
040 ## - FUENTE DE LA CATALOGACIÓN
Agencia/entidad que catalogó originalmente la obra MUNICIPALIDAD PROVINCIAL DEL CUSCO
Entidad que transcribió la catalogación BIBLIOTECA MUNICIPAL DEL CUSCO
082 ## - NÚMERO DE LA CLASIFICACIÓN DECIMAL DEWEY
No. de Clasificación 921.7 /
Notacion interna SA17
100 ## - ENTRADA PRINCIPAL--NOMBRE DE PERSONA
Nombre Personal Salas Rodríguez, J. W.
245 ## - MENCIÓN DE TÍTULO
Título Lenin y la educación /
260 ## - PUBLICACIÓN, DISTRIBUCIÓN, ETC.
Lugar de publicación, distribución, etc. [Cusco :
Fecha de publicación, distribución, etc. 1970]
300 ## - DESCRIPCIÓN FÍSICA
Nº de Páginas Extensión 22 páginas ;
Dimensiones 19.3 cm.
505 ## - NOTA DE CONTENIDO CON FORMATO
Nota de contenido formateada Síntesis de la charla sustentada en el salón de grados de la Universidad Nacional de San Antonio Abad del Cusco, el 27 de abril de 1970, como parte de los festejos conmemorando el primer centenario del nacimiento del gran estratega y conductor de la revolución Bolchevique: V. I. Lenin.
650 ## - PUNTO DE ACCESO ADICIONAL DE MATERIA--TÉRMINO DE MATERIA
Descriptor Lenin
9 (RLIN) 2073
650 ## - PUNTO DE ACCESO ADICIONAL DE MATERIA--TÉRMINO DE MATERIA
Descriptor Biografía
9 (RLIN) 22
650 ## - PUNTO DE ACCESO ADICIONAL DE MATERIA--TÉRMINO DE MATERIA
Descriptor Revolución Bolchevique
9 (RLIN) 2074
650 ## - PUNTO DE ACCESO ADICIONAL DE MATERIA--TÉRMINO DE MATERIA
Descriptor Marxismo-lenismo
9 (RLIN) 2075
942 ## - ELEMENTOS DE PUNTO DE ACCESO ADICIONAL (KOHA)
Fuente de clasificación
Tipo de item Libros-BMC
945 ## - PROCESAMIENTO DE INFORMACIÓN LOCAL (OCLC)
Catalogador lccs
AAAA-MM-DD - Fecha de ingreso o modificacion 2019-02-25
Holdings
Estado de retiro (separado) Fuente de clasificación o esquema de estanterías Estado dañado Ubicación Sala donde se ubica Nombre de la colección Fecha de adquisición o compra Costo, precio normal en soles Signatura topográfica Código de Barras Última vez visto (Koha) Tipo de ítem (Koha)
No     Sala Humanidades Sala Humanidades Book Cart 2019-02-25 10.00 921.7 / SA17 SH0000000338 2019-02-25 Libros-BMC

Powered by Koha